000 00633cab a2200229 4500
001 WB3301-70
008 090401t1996 xxu||||| |||| 00| 0 eng d
035 _a(Sirsi) u13264
041 _aeng
245 _aCertified herd scheme
260 _c1996
350 _a0
490 _aMAFF News Release
_v(409) 16 December 1996, (6)
520 _aDetails of proposals for a certified herds scheme.
650 _aBEEF INDUSTRY
650 _aBSE
650 _aCERTIFIED HERDS SCHEME
650 _aPROPERTY-RURAL AND NATURAL ASSETS-AGRICULTURAL PROPERTY-LIVESTOCK
690 _aRURAL PRACTICE
942 _n0
948 _c04/03/1997
999 _c8542
_d8542